| 000 | 00568nam a22001817a 4500 | ||
|---|---|---|---|
| 003 | OSt | ||
| 005 | 20140310182533.0 | ||
| 008 | 130813t xxu||||| |||| 00| 0 eng d | ||
| 020 | _a9789715846134 | ||
| 050 |
_aLB 1765 _b.R457 2007 |
||
| 110 |
_aC & E Publishing Inc. _99778 |
||
| 245 |
_aLicensure examination for teachers (LET) reviewer in health education / _cGrace L. Reyes. |
||
| 260 |
_aQuezon City : _bC & E Publishing, Inc., _c2007. |
||
| 300 |
_a86 p. ; _c25 cm. |
||
| 650 |
_aReviwer _xHealth Education _xExamination _99790 |
||
| 942 | _2lcc | ||
| 999 |
_c14159 _d14159 |
||